[Event "FIDE World Rapid Team"]
[Site "London ENG"]
[Date "2025.06.13"]
[Round "11.6"]
[White "Bulmaga, Irina"]
[Black "Kamalidenova, Meruert"]
[Result "1-0"]
[WhiteElo "2372"]
[BlackElo "2380"]
[EventDate "2025.06.11"]
[Board "5"]

1. e4 c5 2. c3 d5 3. exd5 Qxd5 4. d4 g6 5. Nf3 cxd4 6. Nxd4 Nf6 7. Be2 Bg7
8. Nb5 Qxd1+ 9. Bxd1 Na6 10. Bf3 O-O 11. Be3 Ng4 12. Bxa7 Ne5 13. Be2 Bf5
14. Bd4 Nd3+ 15. Bxd3 Bxd3 16. Bxg7 Kxg7 17. N1a3 Nc5 18. Nd4 e5 19. Nb3
Na4 20. O-O-O e4 21. Nc2 Rfc8 22. Nb4 Bc4 23. Nd2 Be6 24. Nxe4 Rc4 25. Nd6
Rf4 26. f3 Nc5 27. Kb1 h5 28. Rhe1 h4 29. h3 Rf6 30. b3 Rd8 31. Nb5 Bf5+
32. Kb2 Ra8 33. Nd4 Bd7 34. Re5 Ra5 35. Re7 Kf8 36. Re2 Rd6 37. Red2 Ra8
38. Ndc2 Rxd2 39. Rxd2 Re8 40. Nd3 Na6 41. Nd4 g5 42. Re2 Rd8 43. Ne5 Bc8
44. Nd3 Nc7 45. Nb4 f6 46. a4 Kf7 47. a5 Ne8 48. Nd3 Nd6 49. Nc5 f5 50. b4
Kf6 51. Kb3 Rg8 52. b5 g4 53. fxg4 fxg4 54. hxg4 Bxg4 55. Rf2+ Kg5 56. Kb4
Re8 57. a6 bxa6 58. Nxa6 Ne4 59. Rb2 Rc8 60. c4 Kf4 61. b6 Ke5 62. Nf3+
Bxf3 63. gxf3 Nd6 64. c5 Nb7 65. Rh2 Rh8 66. c6 Nd8 67. Kb5 Kf4 68. c7 Nb7
69. Nc5 Rh5 70. Rxh4+ Rxh4 71. Nxb7 1-0

[Event "FIDE World Rapid Team"]
[Site "London ENG"]
[Date "2025.06.13"]
[Round "11.6"]
[White "Aiten, Islam"]
[Black "Omarov, Murat"]
[Result "0-1"]
[WhiteElo "2037"]
[BlackElo "1918"]
[EventDate "2025.06.11"]
[Board "6"]

1. d4 Nf6 2. Nc3 c5 3. d5 g6 4. e4 d6 5. Be2 Bg7 6. Nf3 O-O 7. O-O a6 8. a4
e5 9. Nd2 Ne8 10. Nc4 f5 11. f3 f4 12. a5 Nd7 13. Na4 Rb8 14. Nab6 Nxb6 15.
Nxb6 h5 16. b4 cxb4 17. Bd2 Rf7 18. Bxb4 Bf8 19. c4 Nf6 20. Bc3 Rc7 21. Rc1
Nd7 22. g3 fxg3 23. hxg3 Qg5 24. Kh2 Bh6 25. Rc2 h4 26. Rg1 hxg3+ 27. Kg2
Qf6 28. Bd2 Bf4 29. Rh1 Nc5 30. Bf1 Rh7 31. Be2 Bh3+ 32. Kg1 g2 33. Rh2
Bxh2+ 34. Kxh2 Bd7+ 35. Kxg2 Qh4 36. Nxd7 Qh2+ 37. Kf1 Nxd7 38. Be3 Qg3 39.
Bd3 Rh1+ 40. Ke2 Rxd1 41. Kxd1 Qxf3+ 42. Re2 Nc5 43. Kd2 Nxe4+ 44. Bxe4
Qxe4 45. Kc3 Rc8 46. c5 Rxc5+ 47. Bxc5 Qxe2 48. Bxd6 Qb5 49. Bxe5 Qxd5 50.
Bd4 g5 0-1

[Event "FIDE World Rapid Team"]
[Site "London ENG"]
[Date "2025.06.13"]
[Round "11.7"]
[White "Van Foreest, Jorden"]
[Black "Kozak, Adam"]
[Result "1-0"]
[WhiteElo "2640"]
[BlackElo "2577"]
[EventDate "2025.06.11"]
[Board "1"]

1. e4 c5 2. Nf3 d6 3. d4 cxd4 4. Nxd4 Nf6 5. Nc3 Nc6 6. Be2 g6 7. Be3 Bg7
8. Qd2 Ng4 9. Bxg4 Bd7 10. Bf5 Bxf5 11. Nd5 Bg4 12. c4 O-O 13. O-O Be6 14.
b3 Rc8 15. Nxc6 a6 16. Nc3 bxc6 17. Rac1 d5 18. Rcd1 dxc4 19. Qc2 Qa5 20.
Na4 c5 21. bxc4 Qb4 22. Rc1 Rfd8 23. Rfd1 Bd7 24. Nxc5 Rxc5 25. Bxc5 Qxc5
26. Rd5 Qc7 27. Rcd1 e6 28. R5d3 Bh6 29. h4 Bf8 30. Qd2 Qxc4 31. Rd4 Qc6
32. h5 e5 33. Rd5 Qc4 34. Qg5 Qxe4 35. Qxd8 Bc6 36. h6 Bxd5 37. Qxd5 Qf4
38. Qd2 Qh4 39. g3 Qh5 40. Rb1 Qxh6 41. Qxh6 Bxh6 42. Rb8+ Kg7 43. Ra8 Bd2
44. Rxa6 f5 45. Ra7+ Kf6 46. Rxh7 e4 47. Rd7 e3 48. Kf1 g5 49. Rxd2 exd2
50. Ke2 Ke5 51. Kxd2 Kd4 52. a4 f4 53. gxf4 gxf4 54. Ke2 1-0

[Event "FIDE World Rapid Team"]
[Site "London ENG"]
[Date "2025.06.13"]
[Round "11.7"]
[White "Kantor, Gergely"]
[Black "Moussard, Jules"]
[Result "0-1"]
[WhiteElo "2545"]
[BlackElo "2609"]
[EventDate "2025.06.11"]
[Board "2"]

1. e4 c5 2. Nf3 g6 3. Bc4 Nf6 4. Nc3 Nc6 5. d4 cxd4 6. Nxd4 Qa5 7. Nb3 Qc7
8. Bg5 Bg7 9. Qd2 O-O 10. Bxf6 Bxf6 11. Nd5 Qe5 12. Nxf6+ Qxf6 13. O-O-O d6
14. f4 a5 15. a4 Be6 16. Bxe6 Qxe6 17. Qd5 Qf6 18. Rhf1 Nb4 19. Qd4 Rfc8
20. Qxf6 Rxc2+ 21. Kb1 exf6 22. Rd2 Rc4 23. Re1 Ra6 24. g3 Kg7 25. Rd4 Rxd4
26. Nxd4 d5 27. e5 fxe5 28. Rxe5 Rb6 29. Re3 h5 30. b3 Kf8 31. Kb2 Rd6 32.
Re2 Rd7 33. Kc3 Rc7+ 34. Kd2 Re7 35. Kc3 Rxe2 36. Nxe2 Ke7 37. f5 g5 38.
Kd4 Kd6 39. h4 Nc6+ 40. Ke3 Ke5 41. hxg5 Kxf5 42. Nf4 d4+ 43. Kd3 Kxg5 44.
Ke4 Kg4 45. Ne2 f5+ 46. Kd3 Kf3 47. Nf4 h4 48. gxh4 Kxf4 49. h5 Kg5 50. h6
0-1

[Event "FIDE World Rapid Team"]
[Site "London ENG"]
[Date "2025.06.13"]
[Round "11.7"]
[White "Dardha, Daniel"]
[Black "Erdos, Viktor"]
[Result "0-1"]
[WhiteElo "2582"]
[BlackElo "2525"]
[EventDate "2025.06.11"]
[Board "3"]

1. e4 e5 2. Nf3 Nf6 3. Nxe5 d6 4. Nf3 Nxe4 5. c4 Nc6 6. d3 Nf6 7. d4 Be7 8.
Nc3 O-O 9. h3 Re8 10. Be3 Bf5 11. d5 Ne5 12. Nxe5 dxe5 13. g4 Be4 14. f3
Bg6 15. h4 e4 16. f4 h5 17. Be2 hxg4 18. Bxg4 Bb4 19. h5 Bh7 20. Rg1 b5 21.
Qd4 bxc4 22. Bd7 Qxd7 23. Qxf6 Bf8 24. Bd4 Bg6 25. Qh4 Bf5 26. h6 Bg6 27.
O-O-O e3 28. Rg5 e2 29. Re1 gxh6 30. Re5 Rxe5 31. Bxe5 Qf5 32. Rxe2 Re8 33.
Kd2 Bg7 34. Bxg7 Rxe2+ 35. Nxe2 Kxg7 36. Qd8 Qd3+ 37. Ke1 Bh5 38. Ng1 Qe3+
39. Kf1 Qxf4+ 40. Ke1 Qe5+ 41. Kf2 Qxb2+ 42. Kg3 Qe5+ 43. Kh3 c3 44. Qh4 c2
0-1

[Event "FIDE World Rapid Team"]
[Site "London ENG"]
[Date "2025.06.13"]
[Round "11.7"]
[White "Balogh, Csaba"]
[Black "Maurizzi, Marc`andria"]
[Result "1/2-1/2"]
[WhiteElo "2609"]
[BlackElo "2472"]
[EventDate "2025.06.11"]
[Board "4"]

1. e4 e5 2. Nf3 Nc6 3. Bb5 Nf6 4. d3 Bc5 5. O-O d6 6. Nc3 O-O 7. Na4 Bb6 8.
c3 Ne7 9. Nxb6 axb6 10. Ba4 Ng6 11. Bc2 h6 12. h3 c5 13. d4 Be6 14. b3 Qe7
15. dxe5 dxe5 16. Qe2 Nh5 17. Nxe5 Nhf4 18. Bxf4 Nxf4 19. Qf3 Qf6 20. Ng4
Bxg4 21. hxg4 Qxc3 22. Qxf4 Qxc2 23. Rfc1 Qb2 24. Rcb1 Qc2 25. Rc1 Qb2 26.
Rcb1 Qc2 1/2-1/2

[Event "FIDE World Rapid Team"]
[Site "London ENG"]
[Date "2025.06.13"]
[Round "11.7"]
[White "Roebers, Eline"]
[Black "Gaal, Zsoka"]
[Result "1/2-1/2"]
[WhiteElo "2404"]
[BlackElo "2218"]
[EventDate "2025.06.11"]
[Board "5"]

1. f4 Nh6 2. Nf3 d5 3. g3 g6 4. Bg2 Bg7 5. e3 c5 6. d3 Nc6 7. Qe2 O-O 8.
O-O b6 9. c3 Ba6 10. a4 Re8 11. Na3 e5 12. fxe5 Nxe5 13. Nxe5 Rxe5 14. Nb5
Nf5 15. Qf2 Qe7 16. d4 cxd4 17. exd4 Re2 18. Qf3 Bb7 19. Bf4 a6 20. Nc7 Rd8
21. Qd3 Rxb2 22. Nxa6 Qe2 23. Qxe2 Rxe2 24. Nc7 Ne3 25. Bxe3 Rxe3 26. Rae1
Rxc3 27. Nb5 Ba6 28. Nxc3 Bxd4+ 29. Rf2 Bxc3 30. Rd1 d4 31. Bf1 d3 32. Rf4
Bd4+ 33. Kh1 f5 34. h4 Be3 35. Rb4 Bb7+ 36. Bg2 Bxg2+ 37. Kxg2 d2 38. Rb3
Re8 39. Kf3 Bh6 40. Rxb6 Re3+ 41. Kf2 Ra3 42. Ra6 f4 43. g4 Ra2 44. g5 Bg7
45. Kf3 Be5 46. Ke4 Bc3 47. Kxf4 Kf7 48. Ke4 Ke7 49. Kd3 Ra3 50. Kc2 Kd7
51. Ra7+ Kc6 52. Rxh7 Ba5 53. Rh6 Rxa4 54. Rxg6+ Kd5 55. h5 Rc4+ 56. Kb2
Rb4+ 57. Ka3 Re4 58. Rg8 Re1 59. Rxd2+ Bxd2 60. Rd8+ Ke6 61. Rxd2 Rh1 62.
h6 Kf5 63. Rd5+ Kg6 64. Kb4 Rc1 65. Rc5 Rd1 66. Kb5 Rd2 67. Kc6 Rd1 68. Rd5
Ra1 69. Kd7 Ra7+ 70. Ke8 Ra8+ 71. Ke7 Ra7+ 72. Rd7 Ra8 73. Rd8 Ra7+ 74. Rd7
Ra8 75. Rd5 Ra7+ 76. Ke6 Ra1 77. Rd8 Ra6+ 78. Ke5 Ra5+ 79. Rd5 Ra1 80. Kf4
Ra4+ 81. Ke3 Ra8 82. Re5 Ra3+ 83. Kf4 Ra6 84. Re8 Ra4+ 85. Ke3 Ra3+ 86. Kd4
Ra4+ 87. Kc3 Ra3+ 88. Kb4 Rg3 89. Re5 Rg1 90. Kc5 Rh1 91. Kd6 Ra1 92. Ke7
Ra8 93. Rd5 Ra7+ 94. Rd7 Ra8 1/2-1/2

[Event "FIDE World Rapid Team"]
[Site "London ENG"]
[Date "2025.06.13"]
[Round "11.7"]
[White "Marton-John, Almos Kiran"]
[Black "Phulpin, Theo"]
[Result "0-1"]
[WhiteElo "1909"]
[BlackElo "1754"]
[EventDate "2025.06.11"]
[Board "6"]

1. e4 c5 2. Nf3 d6 3. d4 cxd4 4. Nxd4 Nf6 5. Nc3 a6 6. Nb3 e6 7. g4 h6 8.
Bg2 Nfd7 9. Be3 b5 10. Qe2 Bb7 11. h4 Be7 12. O-O-O Ne5 13. f4 Nc4 14. g5
Qc7 15. f5 Nd7 16. fxe6 fxe6 17. Qh5+ Kd8 18. Nd4 Nc5 19. Bf2 b4 20. Na4
Qa5 21. Nxe6+ Nxe6 22. b3 Rc8 23. Bh3 Nf4 24. Qg4 Nxh3 25. Rxh3 Rf8 26. Bd4
Na3 27. Rh2 Nc4 28. Qe6 Bc6 29. Bxg7 Re8 30. bxc4 Bxg5+ 31. hxg5 Rxe6 32.
Nb2 Qxa2 33. gxh6 Bxe4 34. h7 Bxh7 35. Rxh7 b3 36. cxb3 Qxb3 37. Bd4 Re2
38. Bf6+ Ke8 39. Kb1 Rxb2+ 40. Bxb2 Qxd1+ 41. Ka2 Qa4+ 42. Kb1 Qxc4 43.
Rh8+ Kd7 44. Rh7+ Kc6 45. Rh3 Kb5 46. Rc3 Qxc3 47. Bxc3 Rxc3 48. Kb2 Rc4
49. Kb3 d5 50. Ka3 d4 51. Kb3 d3 52. Ka3 d2 53. Kb2 d1=Q 54. Ka3 Rb4 55.
Ka2 Qb1+ 56. Ka3 Qb3# 0-1

[Event "FIDE World Rapid Team"]
[Site "London ENG"]
[Date "2025.06.13"]
[Round "11.8"]
[White "Hong, Andrew"]
[Black "Gelfand, Boris"]
[Result "1-0"]
[WhiteElo "2547"]
[BlackElo "2622"]
[EventDate "2025.06.11"]
[Board "1"]

1. c4 c5 2. Nf3 Nf6 3. Nc3 Nc6 4. g3 d5 5. cxd5 Nxd5 6. Bg2 g6 7. Qb3 e6 8.
Ne4 b6 9. d4 cxd4 10. O-O Bg7 11. Bg5 f6 12. Rac1 Qd7 13. Rxc6 Qxc6 14.
Nxd4 Qd7 15. Nxf6+ Bxf6 16. Bxf6 Rf8 17. Be5 Kf7 18. e4 Nf6 19. Rc1 Kg8 20.
Rc7 Qe8 21. Bxf6 Rxf6 22. e5 1-0

[Event "FIDE World Rapid Team"]
[Site "London ENG"]
[Date "2025.06.13"]
[Round "11.8"]
[White "Rodshtein, Maxim"]
[Black "Short, Nigel D"]
[Result "1-0"]
[WhiteElo "2603"]
[BlackElo "2533"]
[EventDate "2025.06.11"]
[Board "2"]

1. d4 Nf6 2. c4 e6 3. Nf3 b6 4. g3 Bb7 5. Bg2 Bb4+ 6. Bd2 Bxd2+ 7. Qxd2 d6
8. O-O Nbd7 9. Nc3 Ne4 10. Nxe4 Bxe4 11. Qf4 Nf6 12. Rfe1 Qe7 13. Nh4 Bxg2
14. Kxg2 O-O 15. e4 Rfd8 16. Rad1 Nd7 17. Qe3 c5 18. d5 Ne5 19. b3 a6 20.
f4 Ng6 21. Nf3 e5 22. f5 Nf8 23. g4 b5 24. g5 bxc4 25. bxc4 Rdb8 26. Rd2
Qd8 27. h4 Rb4 28. Rc2 Rab8 29. Ree2 Nd7 30. Rf2 R8b7 31. Nh2 Qb8 32. Ng4
Rb2 33. Qa3 Rxc2 34. Rxc2 Rb1 35. f6 Qb4 36. Qxa6 Qe1 37. Nf2 Qg1+ 38. Kf3
Rf1 39. Qxd6 Nf8 40. Qxe5 h5 41. gxh6 Ng6 42. Qg3 Qh1+ 43. Ke2 Re1+ 44. Kd2
Qf1 45. Kc3 Rc1 46. h5 Rxc2+ 47. Kxc2 Qxc4+ 48. Kd1 Qd4+ 49. Ke2 Qc4+ 50.
Kf3 Qc3+ 51. Kg2 Qxg3+ 52. Kxg3 Ne5 53. hxg7 c4 54. Kf4 Nd7 55. e5 c3 56.
Nd3 c2 57. h6 Nc5 58. Nc1 1-0

[Event "FIDE World Rapid Team"]
[Site "London ENG"]
[Date "2025.06.13"]
[Round "11.8"]
[White "Bologan, Victor"]
[Black "Steinberg, Nitzan"]
[Result "0-1"]
[WhiteElo "2501"]
[BlackElo "2516"]
[EventDate "2025.06.11"]
[Board "3"]

1. e4 c5 2. Nf3 d6 3. c3 Nf6 4. Bd3 g6 5. Bc2 Bg7 6. d4 O-O 7. O-O Bg4 8.
Nbd2 cxd4 9. cxd4 Nc6 10. h3 Bxf3 11. Nxf3 Rc8 12. Be3 Nd7 13. Rc1 a6 14.
Qd2 Qa5 15. Qxa5 Nxa5 16. Bd3 e6 17. b4 Nc6 18. a3 d5 19. Rc2 Na7 20. Rfc1
Rxc2 21. Rxc2 Rc8 22. Rxc8+ Nxc8 23. Nd2 Kf8 24. Kf1 Ke7 25. e5 Kd8 26. Ke2
Na7 27. g4 Nb6 28. f4 Nb5 29. Bxb5 axb5 30. Kd3 Kd7 31. Nf3 Bh6 32. Ng1 Nc4
33. Bc1 Bg7 34. Ne2 Bf8 35. h4 Be7 36. h5 gxh5 37. gxh5 f5 38. exf6 Bxf6
39. Nc3 Nd6 40. Be3 Kc6 41. Ne2 Nf5 42. Bf2 Bg7 43. Ng1 Bh6 44. Nh3 Ng7 45.
Be3 Nxh5 46. f5 Bxe3 47. Kxe3 exf5 48. Ng5 Nf6 49. Kf4 h6 50. Nf7 h5 51.
Kxf5 Ne4 52. Ke6 h4 53. Ne5+ Kb6 54. Kxd5 h3 55. Nf3 Nd2 56. Nh2 Nc4 57.
Ke4 Kc6 58. Kf3 Kd5 59. Kg3 Kxd4 60. Kxh3 Nxa3 61. Kg3 Kc3 62. Kf3 Kxb4 63.
Ke2 Kc3 64. Ng4 b4 65. Ne3 b3 66. Nd5+ Kd4 0-1

[Event "FIDE World Rapid Team"]
[Site "London ENG"]
[Date "2025.06.13"]
[Round "11.8"]
[White "Bronstein, Or"]
[Black "Stoisavljevic, Sava"]
[Result "1-0"]
[WhiteElo "2345"]
[BlackElo "2103"]
[EventDate "2025.06.11"]
[Board "4"]

1. d4 d5 2. c4 c6 3. Nf3 Nf6 4. e3 e6 5. b3 Nbd7 6. Bb2 Be7 7. Bd3 O-O 8.
O-O h6 9. Nc3 b6 10. Qc2 Bb7 11. Rad1 Qc7 12. Rfe1 Rac8 13. e4 dxe4 14.
Nxe4 Nxe4 15. Bxe4 Bf6 16. b4 c5 17. Bxb7 Qxb7 18. dxc5 Bxb2 19. Qxb2 bxc5
20. b5 Rfd8 21. a4 Nb6 22. Qc2 a5 23. Ne5 Rxd1 24. Rxd1 g6 25. h4 h5 26.
Nc6 Rxc6 27. Rd8+ Kg7 28. bxc6 Qxc6 29. Qc3+ f6 30. Qxa5 Qc7 31. Rd1 Qc6
32. Qa7+ Kh6 33. Rd8 1-0

[Event "FIDE World Rapid Team"]
[Site "London ENG"]
[Date "2025.06.13"]
[Round "11.8"]
[White "Turlej, Lukasz"]
[Black "Lahav, Michal"]
[Result "0-1"]
[WhiteElo "1992"]
[BlackElo "2100"]
[EventDate "2025.06.11"]
[Board "5"]

1. d4 Nf6 2. c4 c5 3. d5 e6 4. Nc3 exd5 5. cxd5 d6 6. e4 g6 7. Be2 Bg7 8.
Nf3 O-O 9. h3 b5 10. e5 dxe5 11. Bxb5 e4 12. Ne5 Nxd5 13. Nc6 Nxc6 14. Bxc6
Nxc3 15. Qxd8 Rxd8 16. Bg5 Ba6 17. Bxa8 Rxa8 18. Rc1 Na4 19. b3 Nb2 20. Rc2
Nd3+ 21. Kd2 Be5 22. Be3 Rd8 23. Kd1 Nxf2+ 0-1

[Event "FIDE World Rapid Team"]
[Site "London ENG"]
[Date "2025.06.13"]
[Round "11.8"]
[White "Raiko, Yossi"]
[Black "Zaiarski, Stepan"]
[Result "0-1"]
[WhiteElo "1911"]
[BlackElo "1764"]
[EventDate "2025.06.11"]
[Board "6"]

1. d4 Nf6 2. c4 e6 3. Nf3 d5 4. Nc3 Bb4 5. cxd5 exd5 6. Bg5 h6 7. Bh4 Nbd7
8. e3 g5 9. Bg3 Ne4 10. Qc2 h5 11. h3 Nxg3 12. fxg3 Qe7 13. Qf2 c6 14. Bd3
Nb6 15. O-O Be6 16. a3 Bd6 17. e4 O-O-O 18. e5 Bc7 19. Nd2 Nd7 20. b4 Nxe5
21. Bf5 Nc4 22. Nb3 h4 23. g4 Qd6 24. Rfc1 Qh2+ 25. Kf1 Rhe8 26. Bd3 Bf4
27. Rcb1 Ne3+ 28. Ke1 Bg3 0-1

[Event "FIDE World Rapid Team"]
[Site "London ENG"]
[Date "2025.06.13"]
[Round "11.49"]
[White "Harvey, Marcus R"]
[Black "Mamedyarov, Shakhriyar"]
[Result "0-1"]
[WhiteElo "2460"]
[BlackElo "2701"]
[EventDate "2025.06.11"]

1. Nf3 d5 2. b3 c5 3. e3 a6 4. Bb2 Nc6 5. d4 Bg4 6. Be2 e6 7. O-O Nf6 8. c4
dxc4 9. bxc4 Be7 10. Ne5 Bxe2 11. Qxe2 Qc7 12. Nd2 O-O 13. Ndf3 Rac8 14.
Rfd1 Nxe5 15. dxe5 Nd7 16. Bc3 Rfd8 17. Rab1 Nb8 18. Rxd8+ Rxd8 19. Qb2 Rd7
20. Nd2 Qc6 21. Qb6 Qxb6 22. Rb3 Qb5 23. Rxb5 Nc6 24. Rb2 Rd3 25. Rc2 b5
26. Kf1 b4 27. Bb2 a5 28. Ke2 Rd7 29. a4 bxa3 30. Bxa3 Nxe5 31. Rb2 h6 32.
f4 Nc6 33. Rb5 a4 34. Bxc5 a3 35. Nb3 a2 36. Bxe7 Rxe7 37. Rc5 Rc7 38. Kd2
Kf8 39. Kc3 Ra7 40. Rxc6 Ra3 41. Kd4 Rxb3 42. Ra6 Rb2 43. Ke5 Rxg2 44. c5
Rxh2 45. Kd6 Rd2+ 46. Kc7 h5 47. c6 h4 48. Kb8 Rb2+ 49. Ka8 Rc2 50. Kb8
Rb2+ 51. Ka8 Ke7 0-1

[Event "FIDE World Rapid Team"]
[Site "London ENG"]
[Date "2025.06.13"]
[Round "11.50"]
[White "Gurel, Ediz"]
[Black "Wadsworth, Matthew J"]
[Result "1/2-1/2"]
[WhiteElo "2452"]
[BlackElo "2367"]
[EventDate "2025.06.11"]

1. Nf3 d5 2. b3 Nf6 3. Bb2 c6 4. e3 Bf5 5. Be2 h6 6. O-O e6 7. c4 Be7 8. d3
O-O 9. Nbd2 a5 10. a3 Bh7 11. Qc2 Nbd7 12. Rac1 Qb8 13. cxd5 exd5 14. Qb1
Re8 15. Rfd1 Bf8 16. Qa1 Ng4 17. h3 Nge5 18. Nxe5 Nxe5 19. Nf1 Nd7 20. Nd2
Nc5 21. Qb1 Ne6 22. Nf3 Bd6 23. Qa1 Qd8 24. Bf1 Qe7 25. Rc2 f6 26. Be2 Nc5
27. Nd4 Ne6 28. Nf3 Nc5 29. Qa2 Kh8 30. Bc3 Ne6 31. Ra1 Nc5 32. Rd1 Ne6 33.
Bb2 Nc5 34. Nh4 f5 35. Nf3 f4 36. exf4 Bxf4 37. Bf1 Bd6 38. Ba1 Ne6 39. Re1
Qf8 40. Rce2 Nf4 41. Rxe8 Rxe8 42. Rxe8 Qxe8 43. Qd2 Qg6 44. g3 Nxd3 45.
Nh4 Qg5 46. Qe2 Bc5 47. Qe8+ Bg8 48. Ng6+ Kh7 49. Nf8+ Kh8 50. Ng6+ Kh7 51.
Nf8+ Kh8 52. Ng6+ 1/2-1/2

[Event "FIDE World Rapid Team"]
[Site "London ENG"]
[Date "2025.06.13"]
[Round "11.51"]
[White "Czopor, Maciej"]
[Black "Erdogmus, Yagiz Kaan"]
[Result "0-1"]
[WhiteElo "2382"]
[BlackElo "2384"]
[EventDate "2025.06.11"]

1. e4 c5 2. Nf3 Nf6 3. Nc3 d5 4. exd5 Nxd5 5. Bb5+ Bd7 6. Ne5 Nf6 7. Bxd7+
Nfxd7 8. Nc4 Nc6 9. O-O e6 10. d3 Be7 11. a4 O-O 12. Re1 Nf6 13. Bd2 Nd4
14. Ne2 Nd5 15. Nxd4 cxd4 16. Qg4 Bf6 17. a5 Rc8 18. Re2 b5 19. axb6 axb6
20. Be1 b5 21. Ne5 Bxe5 22. Rxe5 Rxc2 23. Qxd4 Qf6 24. Rb1 Nf4 25. Qe3 Re2
26. Qxe2 Nxe2+ 27. Rxe2 Qf5 28. Rd1 Rd8 29. h3 h5 30. Re3 f6 31. Bc3 Ra8
32. Rde1 Kf7 33. Re4 Rd8 34. d4 Rc8 35. R4e3 Ra8 36. Bb4 Ra4 37. Bc5 Qd5
38. Rc1 Qa8 39. Rce1 Qc6 40. Rc3 Rc4 41. Ra3 Ra4 42. Rc3 h4 43. Rec1 Qa8
44. b4 Ra1 45. Kh2 Ra2 46. Rf3 Ra1 47. Rxa1 Qxa1 48. Rd3 Qe1 49. d5 Qe5+
50. Kg1 exd5 51. Re3 Qa1+ 52. Kh2 Qb2 53. Re7+ Kg6 54. Rd7 Qe5+ 55. Kg1 Qe6
56. Rd6 Qe1+ 57. Kh2 Qe5+ 58. Kg1 Kf5 59. Rb6 Qe1+ 60. Kh2 Qe2 61. Rb7 g5
62. Rb6 Qe5+ 63. Kg1 g4 64. hxg4+ Kxg4 65. Rb7 Qe1+ 66. Kh2 Qe5+ 67. Kg1
Qe2 68. Re7 Qc4 69. Rg7+ Kf5 70. Rh7 d4 71. Rxh4 Qc1+ 72. Kh2 d3 73. Be3 d2
74. Bxd2 Qxd2 75. Rh5+ Kg4 76. Rxb5 Qxf2 77. Rd5 Qg3+ 78. Kh1 Qb3 79. Rd7
Kg3 80. Rg7+ Kf2 81. Kh2 Qd1 82. Rg3 Qd6 0-1

[Event "FIDE World Rapid Team"]
[Site "London ENG"]
[Date "2025.06.13"]
[Round "11.52"]
[White "Mamedjarova, Turkan"]
[Black "Willow, Jonah B"]
[Result "1/2-1/2"]
[WhiteElo "2161"]
[BlackElo "2322"]
[EventDate "2025.06.11"]

1. d4 Nf6 2. Nf3 g6 3. c4 Bg7 4. Nc3 d6 5. Bg5 O-O 6. e3 h6 7. Bh4 c5 8. d5
e6 9. dxe6 Bxe6 10. Bd3 Qb6 11. Qc2 Nc6 12. a3 Ng4 13. O-O Nge5 14. Nxe5
Nxe5 15. Rac1 Nxd3 16. Qxd3 Qxb2 17. Nb5 Qe5 18. f4 Qh5 19. Be7 Rfe8 20.
Qxd6 Rac8 21. Nxa7 Ra8 22. Nb5 Rac8 23. Na7 Ra8 24. f5 Bxf5 25. Nb5 Ra6 26.
Qc7 Re6 27. Bd6 Rxe3 28. Bf4 R3e7 29. Qxc5 Re4 30. Bg3 Qg4 31. Kh1 Rc8 32.
Qb6 Rexc4 33. Rce1 R4c6 34. Qxb7 Be6 35. Nc7 R6xc7 36. Bxc7 Qc4 37. Rc1 Qe2
38. Bg3 Rd8 39. Rce1 Qa2 40. Qe7 Rd2 41. Qe8+ Kh7 42. Rxe6 Qxe6 43. Qxe6
fxe6 44. h3 Rd3 45. Rf3 Rd1+ 46. Kh2 g5 47. Bc7 Rc1 48. Bd6 Kg6 49. Kg3 Rd1
50. Bc7 Rd7 51. Bb8 Rb7 52. Bd6 Rb6 53. Bb4 Rc6 54. Rd3 Rc2 55. Kf3 Bf6 56.
Rd7 Kf5 57. g4+ Kg6 58. Rd3 Rh2 59. Ke4 Re2+ 60. Re3 Rf2 61. Rf3 Ra2 62.
Bd6 Re2+ 63. Re3 Rd2 64. Rd3 Re2+ 65. Re3 Rd2 66. Rd3 Re2+ 67. Re3 Rd2 68.
Rd3 1/2-1/2

[Event "FIDE World Rapid Team"]
[Site "London ENG"]
[Date "2025.06.13"]
[Round "11.53"]
[White "Kueh, Audrey"]
[Black "Kuru, Atilla"]
[Result "0-1"]
[WhiteElo "2098"]
[BlackElo "1972"]
[EventDate "2025.06.11"]

1. e4 e6 2. d4 d5 3. Nd2 c5 4. Ngf3 cxd4 5. Nxd4 Nf6 6. Bd3 dxe4 7. Nxe4
Nxe4 8. Bxe4 Qa5+ 9. c3 e5 10. Nb3 Qc7 11. Qf3 Nc6 12. Bg5 Be6 13. O-O h6
14. Be3 Nd8 15. Rfd1 Bd6 16. h3 O-O 17. Rxd6 Qxd6 18. Bc5 Qc7 19. Bxf8 Kxf8
20. Rd1 a5 21. Qe3 Bxb3 22. axb3 Ne6 23. Bf5 Re8 24. Rd5 Nf4 25. Qc5+ Qxc5
26. Rxc5 b6 27. Rb5 g6 28. Be4 Re6 29. b4 axb4 30. Rxb4 Rd6 31. h4 f5 32.
g3 Ne2+ 33. Kf1 Nc1 34. Bc2 Rd2 35. Ba4 Nd3 36. Rxb6 Rxf2+ 37. Kg1 Rxb2 38.
Rxg6 Kf7 39. Rxh6 e4 40. Bc6 e3 41. Bf3 Ne5 42. Bh5+ Ke7 43. Kf1 Rf2+ 44.
Ke1 Nd3+ 0-1

[Event "FIDE World Rapid Team"]
[Site "London ENG"]
[Date "2025.06.13"]
[Round "11.55"]
[White "Gurevich, Ilya"]
[Black "Amartuvshin, Ganzorig"]
[Result "1/2-1/2"]
[WhiteElo "2586"]
[BlackElo "2356"]
[EventDate "2025.06.11"]

1. Nf3 Nf6 2. g3 g6 3. Bg2 Bg7 4. d4 O-O 5. c4 d6 6. O-O Nbd7 7. Nc3 e5 8.
e4 c6 9. h3 exd4 10. Nxd4 Re8 11. Be3 h5 12. Qc2 h4 13. g4 Ne5 14. Nce2
Nfxg4 15. hxg4 Nxg4 16. Bf4 Ne5 17. Rad1 h3 18. Bh1 Qh4 19. f3 Bh6 20. Bg3
h2+ 21. Kf2 Qf6 22. Kg2 d5 23. cxd5 cxd5 24. Nc3 dxe4 25. Nxe4 Qh8 26. Rfe1
Bg7 27. Nb5 Bh3+ 28. Kf2 Rac8 29. Qa4 Nc4 30. Qxc4 Rxc4 31. Nf6+ Bxf6 32.
Rxe8+ Kg7 33. Rxh8 Kxh8 34. Bxh2 Rc2+ 35. Kg3 Be6 36. Nd4 Rxb2 37. Nxe6
fxe6 38. f4 e5 39. Bd5 exf4+ 40. Kh3 g5 41. Bg1 b6 42. Kg4 Kg7 43. Be6 Re2
44. Rd7+ Kh6 45. Bd5 Re1 46. Bf2 Re2 47. Bf3 Rxf2 48. Be4 Bg7 49. Rd6+ Bf6
50. Rxf6+ Kg7 51. Rg6+ Kf8 52. a4 Ra2 53. Bc6 Ke7 54. Rxg5 Kd6 55. Be8 Rg2+
56. Kxf4 Rxg5 57. Kxg5 Kc5 58. Kf4 a6 59. Ke5 b5 60. axb5 axb5 61. Bxb5
1/2-1/2

[Event "FIDE World Rapid Team"]
[Site "London ENG"]
[Date "2025.06.13"]
[Round "11.56"]
[White "Amilal, Munkhdalai"]
[Black "Williams, Simon K"]
[Result "1-0"]
[WhiteElo "2341"]
[BlackElo "2497"]
[EventDate "2025.06.11"]

1. e4 c5 2. Nf3 d6 3. Bb5+ Nc6 4. O-O Bd7 5. c3 Nf6 6. Re1 a6 7. Bf1 e5 8.
d4 cxd4 9. cxd4 Bg4 10. d5 Nd4 11. Be3 Nxf3+ 12. gxf3 Bd7 13. Nd2 Be7 14.
Nc4 O-O 15. Nb6 Rb8 16. Rc1 Qe8 17. Qb3 Nh5 18. Rc7 Bb5 19. Bxb5 axb5 20.
Rec1 Bd8 21. Rc8 Rxc8 22. Rxc8 f5 23. exf5 Rxf5 24. Qb4 Rf6 25. Kf1 h6 26.
Qg4 Rf8 27. Rxd8 Qxd8 28. Qxh5 Qe7 29. Qg4 Rf6 30. a4 bxa4 31. Nxa4 Qf7 32.
Nc3 Rxf3 33. Ke2 Rf5 34. Ne4 h5 35. Qh3 Qd7 36. Kf1 Qb5+ 37. Kg1 Qd7 38.
Kg2 Qf7 39. Kg1 Qd7 40. Qh4 Kh7 41. Ng5+ Kg6 42. Qe4 Qe7 43. Nf3 Kf6 44.
Nh4 Qd7 45. Nxf5 Qxf5 46. f3 Qh3 47. Bf2 g5 48. Qb4 Qd7 49. Be3 Qc7 50. Qb6
Qd7 51. Bc5 Ke7 52. Bb4 g4 53. Qe3 Qf5 54. Qe4 Qg5 55. fxg4 hxg4 56. Kg2
Kf6 57. Qe2 Ke7 58. Qc4 Kd7 59. Qb5+ Kc7 60. Ba5+ Kb8 61. Qd7 Ka8 62. Qxd6
Qe3 63. Qf8+ Ka7 64. Qf2 1-0